فرقھ پرستی: (Record no. 172981)

MARC details
000 -LEADER
fixed length control field 00646nam a22001937a 4500
005 - DATE AND TIME OF LATEST TRANSACTION
control field 20200217115720.0
010 ## - LCCN (DPL NO)
LC control number A-277159
020 ## - INTERNATIONAL STANDARD BOOK NUMBER
Terms of availability 10.00
035 ## - SYSTEM CONTROL NUMBER
System control number A-277159
037 ## - SOURCE OF ACQUISITION
Source of stock number/acquisition BPPD/Pub.
082 ## - DEWEY DECIMAL CLASSIFICATION NUMBER
Classification number 301.452
100 ## - MAIN ENTRY--PERSONAL NAME
Personal name ھاشمی، خاور
245 ## - TITLE STATEMENT
Title فرقھ پرستی:
Remainder of title ایک تاریخی و سماجی جایزہ /
Statement of responsibility, etc خاور ھاشمی
246 ## - VARYING FORM OF TITLE
Title proper/short title Firqah Parasti: Ek Tarikhi-O-Samaji Jaiza (urdu) /
Remainder of title by Khawar Hashmi
260 ## - PUBLICATION, DISTRIBUTION, ETC. (IMPRINT)
Place of publication, distribution, etc Delhi
Name of publisher, distributor, etc Mehel Publications
Date of publication, distribution, etc 1986 ء
270 ## - ADDRESS
Address 1397, Pahadi Amli, Jama Masjid
City Delhi
Postal code 110006
300 ## - PHYSICAL DESCRIPTION
Extent 150p.
Dimensions 20cm(Hb)
942 ## - ADDED ENTRY ELEMENTS (KOHA)
Source of classification or shelving scheme Dewey Decimal Classification
Item type Urdu Bks
Classification part 301.452
Call number suffix ہ ا ش
Holdings
Withdrawn status Lost status Not for loan Collection code Home library Current library Date acquired Source of acquisition Cost, normal purchase price Full call number Barcode Copy number Cost, replacement price Koha item type
      Non-fiction Central Library Central Library 17/02/2020 BPPD/Ven. 10.00 301.452 ہ ا ش A-277159 1 10.00 Urdu Bks

© Delhi Public Library
Hit Counter
free hit counter